000 00693nam a2200241 a 4500
001 7508
003 BD-RjUL
005 20211208234429.0
008 170430s19591928nyu 001 0 eng d
035 _a(BD-RjUL)7552
040 _aDLC
_cTxU-Da
_dOCoLC
_dBD-RjUL
_beng
041 _aeng
082 _a519.2
_bBUT 1959
_223
100 1 _aBurnside, William
_d1852-1927.
_923439
245 1 0 _aTheory of probability /
_cWilliam Burnside
260 _aNew York :
_bDover Publications,
_c1928 [1959].
300 _axxx, 106 p.
_c20 cm.
504 _aIncludes index.
650 0 _aProbabilities.
_9243
650 0 _aError analysis (Mathematics)
_919295
942 _2ddc
_cBK
999 _c7508
_d7508